Cuestión de Cuba : (Record no. 173685)
[ view plain ]
| 000 -LEADER | |
|---|---|
| campo de control de longitud fija | 00727nam a2200205 i 4500 |
| 001 - NÚMERO DE CONTROL | |
| campo de control | 173685 |
| 003 - IDENTIFICADOR DE NÚMERO DE CONTROL | |
| campo de control | ES-MaACL |
| 005 - FECHA Y HORA DE LA ÚLTIMA TRANSACCIÓN | |
| campo de control | 20230906215320.0 |
| 008 - DATOS DE LONGITUD FIJA--INFORMACIÓN GENERAL | |
| campo de control de longitud fija | 100108s1871 sp |||| | spa d |
| 080 ## - NÚMERO DE LA CLASIFICACIÓN DECIMAL UNIVERSAL | |
| Número de la Clasificación Decimal Universal | 94(729.1)"1868/78" |
| 100 1# - ENTRADA PRINCIPAL--NOMBRE DE PERSONA | |
| Nombre de persona | Bernal, Calixto, |
| Fechas asociadas al nombre | 1804-1886 |
| 9 (RLIN) | 28175 |
| 245 10 - MENCIÓN DEL TÍTULO | |
| Título | Cuestión de Cuba : |
| Resto del título | vindicación / |
| Mención de responsabilidad, etc. | por un español cubano. |
| 260 ## - PUBLICACIÓN, DISTRIBUCIÓN, ETC. | |
| Lugar de publicación, distribución, etc. | Madrid : |
| Nombre del editor, distribuidor, etc. | [s.n.], |
| Fecha de publicación, distribución, etc. | 1871 ( |
| Fabricante | Imp. de Nicanor Pérez Zuloaga) |
| 300 ## - DESCRIPCIÓN FÍSICA | |
| Extensión | 85 p. ; |
| Dimensiones | 21 cm. |
| 593 ## - | |
| -- | Autor tomado de: Diccionario cubano de seudónimos, de Figarola-Caneda |
| 651 #4 - PUNTO DE ACCESO ADICIONAL DE MATERIA--NOMBRE GEOGRÁFICO | |
| Nombre geográfico | Cuba- |
| Subdivisión general | Historia- |
| Subdivisión cronológica | 1868-1878, Guerra de los Diez Años. |
| 9 (RLIN) | 8103 |
| 852 4# - LOCALIZACIÓN | |
| Ubicación | ES-MaACL |
| Número de control de estantería | T-158-F-5 |
| 852 4# - LOCALIZACIÓN | |
| Ubicación | ES-MaACL |
| Número de control de estantería | T-113-F-13 |
| Estatus retirado | Estado de pérdida | Estado de daño | No para préstamo | Colección | Biblioteca de origen | Biblioteca actual | Ubicación en estantería | Fecha de adquisición | Fuente de adquisición | Total de préstamos | Signatura topográfica completa | Código de barras | Visto por última vez | Precio de reemplazo | Tipo de ítem Koha |
|---|---|---|---|---|---|---|---|---|---|---|---|---|---|---|---|
| Colección de folletos | Biblioteca del Ateneo de Madrid | Biblioteca del Ateneo de Madrid | Depósito folletos | 08/01/2010 | T-158-F-5 | 1182271 | 23/02/2023 | 23/02/2023 | Folleto | ||||||
| Colección de folletos | Biblioteca del Ateneo de Madrid | Biblioteca del Ateneo de Madrid | Depósito folletos | 30/04/2019 | T-113-F-13 | 1200450 | 23/02/2023 | 23/02/2023 | Folleto |
